Approaching hoofbeats : (Record no. 1901)

MARC details
000 -LEADER
fixed length control field 00881pam a2200265 a 4500
001 - CONTROL NUMBER
control field 4241930
003 - CONTROL NUMBER IDENTIFIER
control field GBCCL
005 - DATE AND TIME OF LATEST TRANSACTION
control field 20241126110412.0
008 - FIXED-LENGTH DATA ELEMENTS--GENERAL INFORMATION
fixed length control field 830805s1983 txu b 000 0 eng
010 ## -
-- 83017073
020 ## - INTERNATIONAL STANDARD BOOK NUMBER
International Standard Book Number 0849903580 :
Terms of availability $9.95
040 ## - CATALOGING SOURCE
Original cataloging agency DLC
Transcribing agency DLC
Modifying agency DLC
050 00 -
-- BS2825.2
-- .G73 1983
082 00 - DEWEY DECIMAL CLASSIFICATION NUMBER
Classification number 236
Edition information 19
Item number GRA
100 1# - MAIN ENTRY--PERSONAL NAME
Personal name Graham, Billy,
Dates associated with a name 1918-
9 (RLIN) 449
245 10 - TITLE STATEMENT
Title Approaching hoofbeats :
Remainder of title the four horsemen of the Apocalypse /
Statement of responsibility, etc. Billy Graham.
260 ## - PUBLICATION, DISTRIBUTION, ETC.
Place of publication, distribution, etc. Waco, Tex. :
Name of publisher, distributor, etc. Word Books,
Date of publication, distribution, etc. c1983.
300 ## - PHYSICAL DESCRIPTION
Extent 236, [3] p. ;
Dimensions 24 cm.
504 ## - BIBLIOGRAPHY, ETC. NOTE
Bibliography, etc. note Bibliography: p. [237]-[239]
630 00 - SUBJECT ADDED ENTRY--UNIFORM TITLE
Uniform title Four Horsemen of the Apocalypse.
9 (RLIN) 3958
630 00 - SUBJECT ADDED ENTRY--UNIFORM TITLE
Uniform title Bible.
Name of part/section of a work Revelation, VI, 1-8
General subdivision Criticism, interpretation, etc.
9 (RLIN) 3959
650 #0 - SUBJECT ADDED ENTRY--TOPICAL TERM
Topical term or geographic name entry element End of the world
General subdivision Biblical teaching.
9 (RLIN) 2003
906 ## - LOCAL DATA ELEMENT F, LDF (RLIN)
a 7
b cbc
c orignew
d 1
e ocip
f 19
g y-gencatlg
942 ## - ADDED ENTRY ELEMENTS (KOHA)
Source of classification or shelving scheme Dewey Decimal Classification
Koha item type Books
Holdings
Withdrawn status Lost status Source of classification or shelving scheme Damaged status Not for loan Home library Current Library Shelving location Date acquired Total checkouts Full call number Barcode Date last seen Copy number Price effective from Koha item type
    Dewey Decimal Classification     GRACE BIBLE COLLEGE GRACE BIBLE COLLEGE Theology 2017-06-01   236 GRA 001830 2025-05-01 c.1 2017-06-01 Books
© Grace Bible College Library 2025